000 00676nam a22002172 4500
001 0000001037
005 20151021151050.0
008 070223s xx 000 0 eng d
020 _a0764227408 :
_cKES 1,390
040 _aKABU
_cKABU
050 0 _aBV4501.2
_b.M37
100 1 _aMason, John.
_@0000014962
245 1 4 _aThe Impossible is possible /
_cJohn Mason.
260 _aMinneapolis, Minnesota :
_bBethany House,
_cc2003.
300 _a190 p. ;
_c22 cm.
650 0 _aChristian life.
_@0000149167
908 _a070223
950 _@1
999 _c299
_d299